1223 1666 1348 1975 1984 1052 1652 1794 1041 1475 1522 1947 1758 1708 1917 1009 1170 1075 1130 1411 1445 1755 1108 1648 1436 1092 1267 1703 1996 1505 1015 1051 1190 1705 1177 1435 1581 1720 1740 1839 1490 1133 1971 1782 1247 1878 1802 1449 1056 1312 1271 1858 1939 1540 1945 1854 1310 1192 1823 1247 1260 1332 1054 1053 1936 1346 1114 1058 1781 1732 1978 1160 1573 1569 1326 1465 1942 1649 1579 1108 1068 1722 1659 1235 1379 1165 1552 1645 1678 1520 1030 1592 1783 1970 1943 1877 1533 1193 1379 BCNSPRNW ULIB Ver.6.0+V

เปลี่ยนเป็นภาษาไทย

Change to English
 แสดงรายละเอียดบรรณานุกรม
  กลับหน้าหลัก

Brief Record : Get Marc (ISO 2709) : E-mail record : QR code < ปิดหน้าต่าง
LEADER : 00000nam 2200000uu 4500
001    13399122832
003     ULIB
008    110630s2554||||th 000 0 tha d
020    9789743509872
050  4 BQ4570^bพ591ถ
100 0  พระเอกชัย สิริญาโณ
245 10 ถามมา...สาธยายธรรม /^cพระเอกชัย สิริญาโณ
250    พิมพ์ครั้งที่ 1
260    กรุงเทพฯ :^bรุ่งเรื่องบุ๊ค,^c2554
300    192 หน้า :^bภาพประกอบ
650  7 ธรรมะ
650  7 การดำเนินชีวิต
650  7 ถาม-ตอบ^xธรรมะ
945    ^p189^l0^i034060
995    ทศพร
999 ^a ใช้งานได้ทุกระบบ
รายการนี้ยังไม่มีแท็ก
คุณยังไม่ได้ล็อกอิน คุณสามารถมีกิจกรรมร่วมกับเว็บไซต์ได้ แต่ต้องล็อกอินก่อน ::
  ล็อกอิน

รายการสื่อสารสนเทศ

ลำดับที่ ประเภท เลขเรียก/บาร์โค้ด สถานที่ สถานะ
1. การศึกษาทั่วไป
การศึกษาทั่วไป
BQ4570 พ591ถ ฉ.1 
  Barcode: 034060
ห้องสมุดวิทยาเขตสวรรค์ประชารักษ์
►หนังสือทั่วไป
บนชั้น

รายการใกล้เคียง
    ผู้แต่ง [พระเอกชัย สิริญาโณ]

    หัวเรื่อง [ธรรมะ]
    หัวเรื่อง [การดำเนินชีวิต]

BibComment


ยังไม่เคยถูกคอมเมนท์

คอมเมนท์ทรัพยากรรายการนี้
  คอมเมนท์: ถามมาสาธยายธรรม ..


 Copyright 2026. Bcnsprnw @Library